| 000 | 00744nam a2200253 a 4500 | ||
|---|---|---|---|
| 008 | |||
| 020 | _a0070991928 (pbk.) | ||
| 049 | _aMAIN | ||
| 090 | 0 | 1 |
_aQA188 _bBRO |
| 100 | 1 | _aBronson, Richard. | |
| 245 | 1 | 0 |
_aSchaum's outline of theory and problems of matrix operations / _cRichard Bronson. |
| 260 |
_aNew York : _bMcGraw-Hill, _cc1989. |
||
| 300 |
_a230 p. ; _c28 cm. |
||
| 440 | _aSchaum's outline series. | ||
| 500 | _aIncludes index. | ||
| 650 | 0 | _aMatrices. | |
| 740 | 0 | _aMatrix operations. | |
| 740 | 0 | _aTheory and problems of matrix operations. | |
| 907 |
_a.b10090964 _b26-04-13 _c20-10-03 |
||
| 003 | |||
| 005 | 20230123133440.0 | ||
| 040 | _cNUST | ||
| 942 |
_cBOOKS _kQA188 _mBRO |
||
| 999 |
_c148775 _d148775 |
||